01642nam a2200253Ia 450000500170000000800410001704000440005804100080010208200150011010000380012524201640016324501660032726000700049330000170056350004710058050501070105150600220115854600220118065000180120265000430122065000520126365000250131565000480134020141017151923.0130821n xx fr 0 lat d aCo-BoUCMbspacSandra YazodSandra Yazo0 alat04a340.562201 aBertachini, Giovannidb. ca. 144800aRepertorio sobre Ambos derechos. Completando el trabajo antes realizado por Jean Thierry y ampliado cuidadosamente por Emilio María ManolessobParte segunda11a[Repertorium iuris utriusque olim quidem Io. Thierry ...opera locupletatum. Postea vero Aemilii Mariae Manolessi ... studio magna parte auctum ...bSecunda pars] a[Lugar desconocido]b[Editorial desconocida]c[fecha desconocida] a3-326 folios aDetalles físicos: Ejemplar en regular estado de conservación, Encuadernación flexible en pergamino, falta la tapa delantera páginas preliminares incluyendo la portada, lomo desprendido. Titulo determinado desde su encabezamiento, e indica las tres primeras letras del orden alfabético que corresponde a los conceptos tratados en esa página. Muchas abreviaturas. Signaturas. En algunas ocasiones, reclamos. Fol. 180 y 181 desprendidos, hojas deterioradas. aVocabularios desde la ECC (Ecclesia = iglesia) hasta la letra K (Kyrie eleeson = Señor, ten piedad). aConsulta en sala. aTexto en latín.04aDerecho civil04aDerecho civilxObras anteriores a 170004aDerecho eclesiásticoxObras anteriores a 170004aDerechovVocabulario04aDerechoxConceptosxObras anteriores a 1700